Zisk a jeho efektívne riadenie v podniku
Riadenie zisku predstavuje dlhodobý a plánovací proces, ktorý súvisí s tvorbou finančných plánov, ktoré musia byť prepracované do detailov, prostredníctvom podnikových rozpočtov.
Gespeichert in:
| 1. Verfasser: | |
|---|---|
| Format: | Buchkapitel |
| Sprache: | Slowakisch |
| Schlagworte: | |
| Tags: |
Keine Tags, Fügen Sie das erste Tag hinzu!
|
MARC
| LEADER | 00000naa a2200000 4500 | ||
|---|---|---|---|
| 001 | 0165611 | ||
| 005 | 20230912102429.3 | ||
| 041 | 0 | |a slo | |
| 044 | |a SK | ||
| 245 | 1 | 0 | |a Zisk a jeho efektívne riadenie v podniku |c Katarína Teplická |
| 520 | |a Riadenie zisku predstavuje dlhodobý a plánovací proces, ktorý súvisí s tvorbou finančných plánov, ktoré musia byť prepracované do detailov, prostredníctvom podnikových rozpočtov. | ||
| 610 | 2 | 0 | |a manažment finančný |
| 610 | 2 | 0 | |a riadenie podnikové |
| 610 | 2 | 0 | |a plánovanie finančné |
| 610 | 2 | 0 | |a ukazovatele finančné |
| 610 | 2 | 0 | |a metóda Altmanova |
| 610 | 2 | 0 | |a zisk podnikový |
| 100 | 1 | |a Teplická, Katarína | |